[Event "Ch Belgium (team) 2006/07"]
[Site "masterchessopen.com Belgium"]
[Date "2007.03.25"]
[Round "11"]
[White "Lamby Philipp (GER)"]
[Black "Laurent Bruno (BEL)"]
[Result "1-0"]
[WhiteElo "2244"]
[BlackElo "2359"]

1.d4 Nf6 2.c4 e6 3.Nc3 Bb4 4.e3 b6 5.Ne2 Ne4 6.Bd2 Nxd2 7.Qxd2 O-O 8.a3 Be7
9.Nf4 c5 10.d5 Bb7 11.O-O-O Bg5 12.Bd3 a6 13.Bb1 e5 14.Nd3 d6 15.h4 Be7 16.Qc2
f5 17.g4 b5 18.gxf5 Nd7 19.f6 Nxf6 20.f4 bxc4 21.Nxe5 Qe8 22.Nxc4 Qh5 23.Qf5
Qf7 24.h5 Bc8 25.Qd3 Bg4 26.Rdg1 Bxh5 27.Rg5 g6 28.Rg3 Rab8 29.f5 Ng4 30.fxg6
hxg6 31.Rhg1 Nf6 32.Rxg6+ Bxg6 33.Rxg6+ Kh8 34.Rh6+ Kg8 35.Rg6+ Kh8 36.Rh6+
Nh7 37.Rxh7+ Qxh7 38.Qxh7# 1-0

[Event "It (b)"]
[Site "masterchessopen.com Gausdal (Norway)"]
[Date "2007.04.18"]
[Round "1"]
[White "Van Den Bersselaar Jeroen (NED)"]
[Black "Tallaksen Geir S (NOR)"]
[Result "0-1"]
[WhiteElo "2183"]
[BlackElo "2424"]

1.d4 Nf6 2.c4 e6 3.Nc3 Bb4 4.e3 b6 5.Ne2 Ne4 6.Bd2 Nxd2 7.Qxd2 O-O 8.a3 Be7
9.g3 Ba6 10.Bg2 c6 11.b3 d5 12.cxd5 exd5 13.O-O Nd7 14.Rfc1 Rc8 15.b4 Nf6
16.Nf4 Qd6 17.Qd1 Rfe8 18.Qa4 Bc4 19.Qc2 g6 20.Na4 Bf8 21.Nb2 Ba6 22.Qa4 Bb5
23.Qb3 Ne4 24.a4 Ba6 25.b5 Bb7 26.bxc6 Rxc6 27.a5 Rec8 28.Rxc6 Qxc6 29.axb6
axb6 30.Nbd3 Bd6 31.Ne5 Qc2 32.Qxc2 Rxc2 33.Bxe4 dxe4 34.Ra7 Rc7 {#R} 0-1

[Event "Cup Cardenas"]
[Site "masterchessopen.com Cardenas (Cuba)"]
[Date "2007.04.29"]
[Round "4"]
[White "Cabrera Arley (CUB)"]
[Black "Lefran Manuel"]
[Result "0-1"]
[WhiteElo "2044"]
[BlackElo "2101"]

1.d4 Nf6 2.c4 e6 3.Nc3 Bb4 4.e3 b6 5.Ne2 Bb7 6.a3 Be7 7.Ng3 d5 8.cxd5 exd5
9.Bb5+ Nbd7 10.O-O O-O 11.b4 c5 12.bxc5 bxc5 13.Nf5 c4 14.Rb1 Nb6 15.Na4 Ne4
16.Qc2 Bf6 17.f3 Nd6 18.Nc5 Nxf5 19.Qxf5 Bc8 20.Qc2 Qc7 21.Ba6 Bxa6 22.Nxa6
Qe7 23.a4 Rfe8 24.a5 Nc8 25.Qa4 Nd6 26.Qc6 Nf5 27.Rb7 Nxd4 28.Qxd5 Ne2+ 29.Kf2
Nc3 30.Qc6 Qe5 31.Qc7 Qh5 32.g4 Qh4+ 33.Qg3 Qh6 34.Kg2 Be5 {#R} 0-1

[Event "It (open)"]
[Site "masterchessopen.com Oak Brook (USA)"]
[Date "2007.05.27"]
[Round "4"]
[White "Milov Vadim (SUI)"]
[Black "Friedel Joshua E (USA)"]
[Result "1-0"]
[WhiteElo "2680"]
[BlackElo "2477"]

{ } 1.d4 Nf6 2.c4 e6 3.Nc3 Bb4 4.e3 b6 5.Ne2 Ne4 6.Qc2 Bb7 7.f3 Nxc3 8.bxc3 {
=/? } ( 8.Nxc3 Qh4+ 9.Qf2 Qxf2+ 10.Kxf2 Bxc3 11.bxc3 Ba6 12.Ba3 Nc6 13.Bb4 d6
14.a4 Na5 15.Bxa5 bxa5 16.c5 Bxf1 17.Rhxf1 dxc5 18.Rab1 a6 19.Rb7 Kd7 20.Rfb1
f5 21.h4 h6 22.h5 Rhg8 23.R1b2 c4 24.f4 g6 25.hxg6 Rxg6 26.Rb8 Rg8 27.Rxa8
Rxa8 { ...1/2-1/2, Krush Irina 2433 - Handke Florian 2516 , Bermuda 2002 It
(cat.10) } ) 8...Be7 ( 8...Bd6 9.e4 Nc6 10.Ng3 Qh4 11.e5 Nxe5 12.dxe5 Bxe5
13.f4 Bxf4 14.Bxf4 Qxf4 15.Bd3 h6 16.Qf2 Qxf2+ 17.Kxf2 d6 18.Rhf1 O-O 19.Kg1
f5 20.Ne2 g6 21.h3 e5 22.g4 fxg4 23.hxg4 Kg7 24.Ng3 Rf3 25.Rxf3 Bxf3 26.Be2
Rf8 27.Rf1 Bxe2 28.Rxf8 { ...1/2-1/2, Stanec Nikolaus 2480 - Zsinka Laszlo
2340 , Oberwart 1995 It (open) } ) 9.e4 ( 9.Ng3 Nc6 10.Bd3 Ba6 11.O-O Na5
12.Qe2 d5 13.cxd5 Bxd3 14.Qxd3 Qxd5 15.e4 Qc4 16.Qe3 g6 { 1/2-1/2, Benjamin
Joel 2575 - De Firmian Nick E 2485 , New York 1987 It "American open" } ) (
9.Nf4 c5 { +0.04 CAP } ) 9...O-O 10.Ng3 { -0.37 CAP } 10...Nc6 { N } ( 10...c5
11.d5 e5 12.Bd3 d6 13.O-O Bg5 14.f4 exf4 15.Bxf4 Bxf4 16.Rxf4 g6 17.e5 dxe5
18.Rg4 Bc8 19.Bf5 Bxf5 20.Nxf5 Kh8 21.Rf1 gxf5 22.Qxf5 Nd7 23.Rf3 Qf6 24.Qxd7
Qh6 25.Qf5 f6 26.Re4 Qg6 27.Rxe5 fxe5 { 0-1, Hallerod Ralph 2171 - Bator
Robert 2397 , Stockholm 1990 It (open) } ) 11.Be2 e5 12.Be3 Bg5 13.Qd2 h6
14.O-O d6 15.f4 exf4 16.Bxf4 g6 17.Bd3 Qe7 18.Rf3 Rae8 19.h4 Bxf4 { ?! } (
19...Bf6 { !? } 20.Raf1 Bg7 21.h5 Kh7 22.Be3 Nd8 { } ) 20.Qxf4 Kg7 21.Nh5+ Kh7
22.Nf6+ Kg7 23.Raf1 Nd8 24.h5 Bc8 25.Nxe8+ Rxe8 26.hxg6 fxg6 27.e5 { } {#r}
1-0

[Event "It \"]
[Site "masterchessopen.com Bad Homburg (Germany)"]
[Date "2007.06.09"]
[Round "5"]
[White "Riha Peter (GER)"]
[Black "Witt Holger (GER)"]
[Result "1-0"]
[WhiteElo "1827"]
[BlackElo "1560"]

1.d4 e6 2.c4 Nf6 3.Nc3 Bb4 4.e3 b6 5.Ne2 Bb7 6.a3 Be7 7.d5 O-O 8.e4 e5 9.Ng3
d6 10.Bd3 c6 11.O-O c5 12.f4 Nbd7 13.Nf5 Re8 14.Qf3 a6 15.Qg3 Bf8 16.Nh6+ {#r}
1-0

[Event "It (open)"]
[Site "masterchessopen.com Balatonlelle (Hungary)"]
[Date "2007.06.21"]
[Round "6"]
[White "Wallgren Ulf (SWE)"]
[Black "Launiau Severin (FRA)"]
[Result "1-0"]
[WhiteElo "2094"]
[BlackElo "2141"]

1.d4 Nf6 2.c4 e6 3.Nc3 Bb4 4.e3 b6 5.Ne2 O-O 6.a3 Bxc3+ 7.Nxc3 d5 8.cxd5 exd5
9.Bd3 Re8 10.O-O c5 11.b3 Nc6 12.dxc5 bxc5 13.Ne2 Qd6 14.Ng3 Ne5 15.Re1 Rb8
16.Bc2 Bg4 17.f3 Bd7 18.Bb2 Rb6 19.Qd2 Qc6 20.Rad1 h5 21.f4 Neg4 22.h3 Nh6
23.Bxf6 Qxf6 24.Qxd5 Bc6 25.Qxc5 Bxg2 26.Nxh5 Qe6 27.Qg5 {#r} 1-0

[Event "It (open)"]
[Site "masterchessopen.com Andorra"]
[Date "2007.07.04"]
[Round "5"]
[White "Peralta Fernando (ARG)"]
[Black "Panelo Marcelo (ARG)"]
[Result "1-0"]
[WhiteElo "2546"]
[BlackElo "2395"]

1.d4 Nf6 2.c4 e6 3.Nc3 Bb4 4.e3 b6 5.Ne2 Ne4 6.Bd2 Nxd2 7.Qxd2 O-O 8.g3 Ba6
9.a3 Bxc3 10.Nxc3 d6 11.b3 c6 12.Be2 Nd7 13.O-O d5 14.cxd5 Bxe2 15.Qxe2 exd5
16.Rfc1 Nf6 17.Qf3 Qd7 18.Ne2 Rac8 19.Rc2 c5 20.Rac1 Qb5 21.dxc5 Rxc5 22.Nd4
Qa5 23.a4 Ne4 24.Nf5 Rxc2 25.Rxc2 Qe1+ 26.Kg2 Nd2 27.Nh6+ {#r} 1-0

[Event "Tournament \"]
[Site "masterchessopen.com Novaya Ladoga (Russia)"]
[Date "2007.07.07"]
[Round "3"]
[White "Hermanov Alexander (UKR)"]
[Black "Khuseinkhodzhaev Muhammad (TJK)"]
[Result "1-0"]
[WhiteElo "2332"]
[BlackElo "2377"]

1.d4 Nf6 2.c4 e6 3.Nc3 Bb4 4.e3 b6 5.Ne2 Ne4 6.f3 Nxc3 7.bxc3 Be7 8.Ng3 O-O
9.Bd3 Ba6 10.e4 Nc6 11.O-O e5 12.Qa4 Bb7 13.Be3 d6 14.f4 Bf6 15.fxe5 dxe5
16.d5 Na5 17.Rf3 Bc8 18.Raf1 Bd7 19.Qc2 Bg5 20.Bxg5 Qxg5 21.Qf2 Qe7 22.Nh5 f5
23.Rg3 fxe4 24.Qe3 Rxf1+ 25.Bxf1 g6 26.Qxe4 Kh8 27.d6 Qe8 28.Nf6 Bc6 29.Rh3 h5
30.Rxh5+ Kg7 31.Nxe8+ Rxe8 32.Qg4 {#r} 1-0

[Event "It \"]
[Site "masterchessopen.com Differdange (Luxembourg)"]
[Date "2007.07.08"]
[Round "2"]
[White "Georgiev Vladimir (MKD)"]
[Black "Weller Manuel (GER)"]
[Result "1-0"]
[WhiteElo "2576"]
[BlackElo "1986"]

1.d4 Nf6 2.c4 e6 3.Nc3 Bb4 4.e3 b6 5.Ne2 Ne4 6.Bd2 Nxd2 7.Qxd2 Bb7 8.d5 O-O
9.g3 d6 10.Bg2 e5 11.O-O Nd7 12.f4 Bxc3 13.Nxc3 f5 14.e4 exf4 15.gxf4 fxe4
16.Nxe4 h6 17.Bh3 Nf6 18.Be6+ Kh8 19.Rae1 Qe8 20.Ng3 Qg6 21.Kh1 Qh7 22.f5 Rae8
23.Qd4 Bc8 24.Re2 Ba6 25.Rg2 Bb7 26.Ne2 Bc8 27.Nf4 Bxe6 28.dxe6 a5 29.Ng6+ Kg8
30.Rfg1 {#r} 1-0

[Event "Match \"]
[Site "masterchessopen.com London (England)"]
[Date "2007.07.12"]
[Round "4"]
[White "Poobalasingam Peter (ENG)"]
[Black "Ledger David (ENG)"]
[Result "0-1"]
[WhiteElo "2158"]
[BlackElo "2266"]

1.d4 Nf6 2.c4 e6 3.Nc3 Bb4 4.e3 b6 5.Ne2 Ne4 6.Qc2 Bb7 7.a3 Bxc3+ 8.Nxc3 Nxc3
9.Qxc3 O-O 10.Bd3 f5 11.b3 Qh4 12.Bb2 d6 13.Qc2 Bxg2 14.Rg1 Bf3 15.Rg3 Qh5
16.Kd2 Nd7 17.Rag1 g6 18.Ke1 Rf7 19.Bf1 Be4 20.Qc3 Qxh2 21.Bh3 Re8 22.d5 Ne5
23.Ke2 exd5 24.cxd5 Kf8 25.Bf1 f4 26.exf4 Rxf4 27.Qe3 Nd3 28.Bd4 Bf5 29.R1g2
Rxf2+ 30.Kd1 Rxf1+ 31.Kd2 Rxe3 {#R} 0-1

[Event "It (open)"]
[Site "masterchessopen.com Val Thorens (France)"]
[Date "2007.07.15"]
[Round "2"]
[White "Bratanov Zsivko (BUL)"]
[Black "Borderie David (FRA)"]
[Result "1-0"]
[WhiteElo "2459"]
[BlackElo "2085"]

1.d4 Nf6 2.c4 e6 3.Nc3 Bb4 4.e3 b6 5.Ne2 Bb7 6.a3 Bxc3+ 7.Nxc3 d6 8.d5 e5 9.g3
Nbd7 10.Bg2 a5 11.Rb1 Qe7 12.O-O Ba6 13.b3 e4 14.Qd4 Nc5 15.b4 axb4 16.axb4
Nd3 17.Nxe4 Nxc1 18.Rfxc1 Nd7 19.Qxg7 O-O-O 20.Qd4 f5 21.Qa1 Bb7 22.c5 fxe4
23.c6 Nf6 24.Qa7 {#r} 1-0

[Event "It (open)"]
[Site "masterchessopen.com Creon (France)"]
[Round "2"]
[White "Mohota Nisha (IND)"]
[Black "Edyelu Joseph (FRA)"]
[Result "1-0"]
[WhiteElo "2416"]
[BlackElo "1700"]

1.d4 Nf6 2.c4 e6 3.Nc3 Bb4 4.e3 b6 5.Ne2 Bb7 6.a3 Be7 7.d5 exd5 8.cxd5 h6
9.Ng3 O-O 10.Be2 d6 11.b3 Nbd7 12.O-O c6 13.e4 cxd5 14.exd5 Rc8 15.Bb2 Nh7
16.Rc1 Re8 17.Nf5 a6 18.Qd3 Bf8 19.Ne4 Rxc1 20.Rxc1 Nc5 21.Rxc5 bxc5 22.Nxh6+
gxh6 23.Qg3+ Ng5 24.Nf6+ Kg7 25.Nxe8+ Kg6 26.Nf6 Be7 27.Bd3+ Kg7 28.Nh5+ Kf8
29.h4 Bxd5 30.hxg5 hxg5 31.Bc2 Be6 {#r} 1-0

[Event "Ch Spain (juniors) (under 18)"]
[Site "masterchessopen.com Granada (Spain)"]
[Date "2007.08.03"]
[Round "8"]
[White "Jimenez Lupianez Laura (ESP)"]
[Black "Jordan Martinez David (ESP)"]
[Result "0-1"]
[WhiteElo "1927"]
[BlackElo "2146"]

1.d4 Nf6 2.c4 e6 3.Nc3 Bb4 4.e3 b6 5.Ne2 Bb7 6.a3 Be7 7.Ng3 d5 8.cxd5 exd5
9.Nf5 Bf8 10.Bd3 g6 11.Ng3 Bg7 12.O-O O-O 13.Rb1 c5 14.Nge2 Nc6 15.dxc5 bxc5
16.Bb5 a6 17.Bxc6 Bxc6 18.b4 Qe7 19.bxc5 Qxc5 20.Bb2 Rab8 21.h3 Nd7 22.Qd2 Ne5
23.Rfd1 Nc4 24.Qc1 Rfd8 25.Rd3 h6 26.Kh2 Kh7 27.Nd1 Qd6+ 28.Kg1 Nxb2 29.Nxb2
Bb5 30.Qd1 Bxd3 31.Nxd3 Qxa3 32.Rxb8 Rxb8 33.Ndf4 Qa2 34.Qxd5 Qxd5 35.Nxd5 a5
{#R} 0-1

[Event "It (open) \"]
[Site "masterchessopen.com Sukhumi (Georgia)"]
[Date "2007.08.05"]
[Round "3"]
[White "Chernov A (RUS)"]
[Black "Bondarev Boris (RUS)"]
[Result "1-0"]
[WhiteElo "2016"]
[BlackElo "2095"]

1.d4 Nf6 2.c4 e6 3.Nc3 Bb4 4.e3 b6 5.Ne2 Bb7 6.a3 Be7 7.d5 exd5 8.cxd5 a5
9.Ng3 Na6 10.Nf5 g6 11.Nxe7 Qxe7 12.Bc4 Nc5 13.b3 Nce4 14.Bb2 Nxc3 15.Bxc3 Rf8
16.O-O Ne4 17.Bb2 f5 18.Qd4 Nd6 19.Be2 Qe4 20.Rfd1 f4 21.Qxe4+ Nxe4 22.Rd4 Nc5
23.Bc4 fxe3 24.Re1 O-O-O 25.Rxe3 Rde8 26.b4 Rxe3 27.fxe3 axb4 28.axb4 Na6
29.Bc3 Nb8 30.Rh4 h5 31.Rf4 Rxf4 32.exf4 d6 33.Kf2 Kd8 34.Kg3 Ke7 35.Kh4 Kf7
36.Kg5 Nd7 37.g3 Nf8 38.Bd3 Nh7+ 39.Kh6 Nf8 40.Bg7 {#r} 1-0

[Event "It (open) \"]
[Site "masterchessopen.com Sukhumi (Georgia)"]
[Date "2007.08.09"]
[Round "6"]
[White "Verzhansky Alexander (RUS)"]
[Black "Glazkov Arseny (RUS)"]
[Result "1-0"]
[WhiteElo "2357"]
[BlackElo "2044"]

1.d4 Nf6 2.c4 e6 3.Nc3 Bb4 4.e3 b6 5.Ne2 Bb7 6.a3 Bd6 7.Ng3 h5 8.d5 Be5 9.Nge4
Nxe4 10.Nxe4 Qh4 11.Qd3 exd5 12.cxd5 Ba6 13.Qc2 Bxf1 14.Rxf1 f5 15.Nd2 O-O
16.Nf3 Qf6 17.Nxe5 Qxe5 18.Bd2 Qxd5 19.O-O-O Qc6 20.Bc3 d6 21.Qe2 Qe8 22.h3
Qf7 23.g4 hxg4 24.hxg4 f4 25.Qd3 Nd7 26.Rh1 Nf6 27.g5 Nh5 28.g6 Qf5 29.Qc4+
Kh8 30.Rd5 {#r} 1-0

[Event "Cup Cheliabinsk Chess Federation"]
[Site "masterchessopen.com Cheliabinsk (Russia)"]
[Date "2007.09.11"]
[Round "9"]
[White "Arkhipenko Daniil (RUS)"]
[Black "Fesenko Vitaly (RUS)"]
[Result "1-0"]
[WhiteElo "2136"]
[BlackElo "2232"]

1.d4 Nf6 2.c4 e6 3.Nc3 Bb4 4.e3 b6 5.Ne2 Bb7 6.a3 Be7 7.d5 O-O 8.e4 d6 9.Ng3
c6 10.Be3 cxd5 11.cxd5 exd5 12.exd5 Nbd7 13.Be2 g6 14.O-O Re8 15.Rc1 Rc8 16.b4
Bf8 17.Qb3 h5 18.Bg5 Bg7 19.Rfe1 Re5 20.Bf4 Bxd5 21.Qd1 Bb7 22.Bxe5 Nxe5
23.Nb5 Rxc1 24.Qxc1 h4 25.Nf1 Qc8 26.Qxc8+ Bxc8 27.Nxd6 Be6 28.h3 Bf8 29.Nb5
a5 30.bxa5 bxa5 31.Ne3 Nd5 32.Nxd5 Bxd5 33.a4 Bc4 34.Bxc4 Nxc4 35.Re4 Nb6
36.Rxh4 Bb4 37.Nc7 Nxa4 38.Nd5 Nc5 39.Nxb4 axb4 40.Rxb4 {#r} 1-0

[Event "It (open)"]
[Site "masterchessopen.com Nelson (New Zealand)"]
[Date "2007.10.03"]
[Round "1"]
[White "Conquest Stuart (ENG)"]
[Black "Milligan Helen (NZL)"]
[Result "1-0"]
[WhiteElo "2540"]
[BlackElo "2009"]

1.d4 Nf6 2.c4 e6 3.Nc3 Bb4 4.e3 b6 5.Ne2 Bb7 6.a3 Be7 7.d5 e5 8.g3 d6 9.Bg2
O-O 10.O-O Nbd7 11.b3 Ne8 12.Qc2 f5 13.f4 g6 14.e4 fxe4 15.Nxe4 Ndf6 16.Ng5
Ng7 17.Bb2 Ng4 18.Qd2 Bxg5 19.fxg5 Nf5 20.Be4 Nge3 21.Rf3 h5 22.gxh6 Ng4
23.Raf1 Qe7 24.Bxf5 gxf5 25.Rxf5 {#r} 1-0

[Event "Tournament"]
[Site "masterchessopen.com Neapol (Italy)"]
[Date "2007.10.18"]
[Round "4"]
[White "Esposito Rosario (ITA)"]
[Black "Longobardi Giuseppe (ITA)"]
[Result "0-1"]
[WhiteElo "1877"]
[BlackElo "2036"]

1.d4 Nf6 2.c4 e6 3.Nc3 Bb4 4.e3 b6 5.Ne2 Bb7 6.a3 Bxc3+ 7.Nxc3 Ne4 8.Qc2 f5
9.d5 Nxc3 10.Qxc3 O-O 11.b3 Qf6 12.Qxf6 Rxf6 13.Bb2 Rf7 14.O-O-O exd5 15.cxd5
d6 16.Be2 Nd7 17.Kb1 Nf6 18.Bxf6 Rxf6 19.Bf3 Re8 20.Rc1 Re7 21.Rc2 Kf8 22.Rhc1
Rff7 23.Kb2 Ke8 24.Bh5 g6 25.Bf3 Kd8 26.g3 Re5 27.Rd2 g5 28.Bg2 f4 29.gxf4
gxf4 30.exf4 Rxf4 31.Rc4 Ref5 32.Rxf4 Rxf4 33.h3 Bc8 34.Kc2 Rh4 {#R} 0-1

[Event "Ch Norway (team) 2007/08"]
[Site "masterchessopen.com Norway"]
[Date "2007.11.10"]
[Round "2"]
[White "Harestad Hans Krogh (NOR)"]
[Black "Urkedal Frode (NOR)"]
[Result "0-1"]
[WhiteElo "2249"]
[BlackElo "2281"]

1.d4 Nf6 2.c4 e6 3.Nc3 Bb4 4.e3 b6 5.Ne2 Bb7 6.a3 Be7 7.Ng3 h5 8.d5 h4 9.Nge4
Nxe4 10.Nxe4 Na6 11.Be2 Nc5 12.Nxc5 Bxc5 13.Bf3 c6 14.b4 Be7 15.Bb2 Bf6 16.Qd2
h3 17.g3 cxd5 18.Rd1 Rh6 19.O-O Bxb2 20.Qxb2 Qf6 21.Qe2 Rb8 22.cxd5 Ba6 {#R}
0-1

[Event "It (open)"]
[Site "masterchessopen.com Bad Wiessee (Germany)"]
[Date "2007.11.11"]
[Round "2"]
[White "Tennstedt Andreas (GER)"]
[Black "Postny Evgeny (ISR)"]
[Result "0-1"]
[WhiteElo "2199"]
[BlackElo "2598"]

1.d4 Nf6 2.c4 e6 3.Nc3 Bb4 4.e3 b6 5.Ne2 Ne4 6.Bd2 Nxd2 7.Qxd2 Bb7 8.a3 Be7
9.Nf4 d6 10.Rg1 Nd7 11.Nd3 O-O 12.Be2 Nf6 13.Bf3 d5 14.cxd5 exd5 15.Nf4 c6
16.g3 Ba6 17.Be2 Bc8 18.Bf3 Bd6 19.Kf1 Bf5 20.Kg2 g5 21.Nh5 Ne4 22.Nxe4 dxe4
23.Be2 Bg6 24.Rac1 Rc8 25.Rc3 f5 26.Kh1 Qe8 27.Qd1 Kh8 28.Rg2 b5 29.Rc1 a6
30.Rc3 Qf7 31.b4 Rc7 32.Kg1 Qe7 33.d5 cxd5 34.Rxc7 Qxc7 35.h3 Be5 36.Qxd5 Bf7
37.Qd1 Rd8 {#R} 0-1

[Event "Ch World (juniors) (under 14) (g)"]
[Site "masterchessopen.com Kemer (Turkey)"]
[Date "2007.11.19"]
[Round "2"]
[White "Kushka Alena (RUS)"]
[Black "Auvray Juliette (FRA)"]
[Result "1-0"]
[WhiteElo "2036"]
[BlackElo "1893"]

1.d4 Nf6 2.c4 e6 3.Nc3 Bb4 4.e3 b6 5.Ne2 Ne4 6.Qc2 Bb7 7.Nf4 f5 8.Bd3 c5 9.d5
Bxc3+ 10.bxc3 g5 11.Nh5 Nf6 12.Nxf6+ Qxf6 13.O-O O-O 14.f4 g4 15.e4 Na6
16.exf5 exf5 17.Re1 Bc8 18.d6 Bb7 19.Bd2 Qxd6 20.Re5 Qc6 21.Be1 h5 22.Bxf5 d6
23.Be6+ Kg7 24.Rg5+ Kf6 25.Bd5 Qd7 26.Rg6+ {#r} 1-0

[Event "Ch World (juniors) (under 14)"]
[Site "masterchessopen.com Kemer (Turkey)"]
[Date "2007.11.26"]
[Round "9"]
[White "Nikolashvili Giorgi N (GEO)"]
[Black "Chan Wei-Xuan Timothy (SIN)"]
[Result "0-1"]
[WhiteElo "2112"]
[BlackElo "2231"]

1.d4 Nf6 2.c4 e6 3.Nc3 Bb4 4.e3 b6 5.Ne2 Ne4 6.Qc2 Bb7 7.a3 Bxc3+ 8.Nxc3 Nxc3
9.Qxc3 Qf6 10.b4 O-O 11.Bb2 d6 12.Qc2 Nd7 13.Bd3 Qh6 14.O-O f5 15.c5 Bd5
16.Rfe1 Qh4 17.c6 Nf6 18.f3 Rf7 19.Re2 Raf8 20.e4 fxe4 21.fxe4 Ng4 22.h3 Nf2
23.Rae1 Qg3 24.Re3 Nxh3+ 25.Kh1 Nf2+ 26.Kg1 Qh4 27.Rf3 Rxf3 28.gxf3 Rxf3 {#R}
0-1

[Event "Memorial M.Chigorin (open) ( b)"]
[Site "masterchessopen.com St. Petersburg (Russia)"]
[Date "2007.12.01"]
[Round "1"]
[White "Semenenko Sergey (RUS)"]
[Black "Khuseinkhodzhaev Muhammad (TJK)"]
[Result "0-1"]
[WhiteElo "2184"]
[BlackElo "2377"]

1.d4 Nf6 2.c4 e6 3.Nc3 Bb4 4.e3 b6 5.Ne2 Ne4 6.Bd2 Nxd2 7.Qxd2 Bb7 8.a3 Be7
9.d5 O-O 10.g3 d6 11.Bg2 Nd7 12.O-O e5 13.b4 a5 14.Na4 f5 15.f4 Bf6 16.Ra2 Qe8
17.c5 axb4 18.axb4 Nxc5 19.Nxc5 Rxa2 20.Qxa2 bxc5 21.bxc5 exf4 22.Nxf4 Qxe3+
23.Kh1 Ra8 24.Qb1 Ra1 25.Qxa1 Bxa1 26.c6 Ba6 27.Rxa1 g5 28.Ne6 f4 29.gxf4 gxf4
30.Nxc7 f3 31.Nxa6 fxg2+ 32.Kxg2 Qg5+ 33.Kf1 Qf6+ {#R} 0-1

[Event "It (open)"]
[Site "masterchessopen.com Pamplona (Spain)"]
[Date "2007.12.28"]
[Round "8"]
[White "Rubio Mejia Luis Ignacio (ESP)"]
[Black "Ignacz Rozsa (HUN)"]
[Result "1-0"]
[WhiteElo "2327"]
[BlackElo "2079"]

1.d4 Nf6 2.c4 e6 3.Nc3 Bb4 4.e3 b6 5.Ne2 Bb7 6.a3 Bxc3+ 7.Nxc3 Ne4 8.Nxe4 Bxe4
9.Qg4 Bg6 10.h4 h5 11.Qg3 d5 12.cxd5 exd5 13.Qe5+ Kf8 14.Bd2 Nc6 15.Qf4 a6
16.Rc1 Qd7 17.Be2 Ra7 18.O-O Nd8 19.Bf3 c6 20.Rc3 f6 21.Rfc1 Kf7 22.Qg3 Bf5
23.Rb3 Rb7 24.Be2 b5 25.Ba5 Bg4 26.Bxg4 Qxg4 27.Rbc3 g6 28.Bxd8 Rxd8 29.Rxc6
Kg8 30.Rxf6 {#r} 1-0

[Event "Tournament (juniors)"]
[Site "masterchessopen.com Ho Chi Minh City (Vietnam)"]
[Round "1"]
[White "Huynh Lam Binh Nguyen (VIE)"]
[Black "Tran Ngo Thien Phu (VIE)"]
[Result "1-0"]
[WhiteElo "2021"]
[BlackElo "1893"]

1.d4 Nf6 2.c4 e6 3.Nc3 Bb4 4.e3 b6 5.Ne2 Bb7 6.a3 Be7 7.Nf4 O-O 8.Bd3 d5
9.cxd5 exd5 10.O-O Bd6 11.Nh5 Nbd7 12.Nb5 Qe7 13.Bd2 Nxh5 14.Nxd6 Qxd6 15.Qxh5
Nf6 16.Qh4 Rfe8 17.Rac1 Ne4 18.Bb4 Qd7 19.f3 Nf6 20.Qf4 c6 21.g4 a5 22.Bd6 Re6
23.Bc7 Ba6 24.Rfd1 Bxd3 25.Rxd3 Ra6 26.Qg3 Ne8 27.Bf4 f6 28.Qf2 Nd6 29.b3 Ra8
30.a4 Rc8 31.Rdc3 Ne8 32.Qf1 Qb7 33.e4 Rd8 34.e5 Nc7 35.exf6 gxf6 36.Re1 Rde8
37.Rce3 {#r} 1-0

[Event "Czech League 2007/08 (krajsky prebor)"]
[Site "masterchessopen.com Czech Republic"]
[Date "2008.01.06"]
[Round "8"]
[White "Kulistak Milan (CZE)"]
[Black "Rafaja Marek (CZE)"]
[Result "0-1"]
[WhiteElo "2011"]
[BlackElo "1979"]

1.d4 Nf6 2.c4 e6 3.Nc3 Bb4 4.e3 b6 5.Ne2 Bb7 6.a3 Bxc3+ 7.Nxc3 O-O 8.Bd3 d6
9.O-O Nbd7 10.e4 e5 11.d5 h6 12.Be3 Re8 13.b4 a5 14.Qe2 Qe7 15.Rfc1 c6 16.dxc6
Bxc6 17.Nd5 Qd8 18.f3 Qb8 19.Qf2 axb4 20.axb4 b5 21.Rxa8 Bxa8 22.Nxf6+ Nxf6
23.cxb5 d5 24.Ba7 Qb7 25.exd5 Qxd5 26.Bc4 Qd7 27.Bc5 e4 28.f4 e3 29.Qe2 Qb7
30.Ra1 Qe4 31.Ra7 Bd5 32.Bxd5 Nxd5 33.g3 Nc3 34.Qe1 Qf3 35.h4 e2 36.Ra1 Rd8
{#R} 0-1

[Event "Ch England (seniors)"]
[Site "masterchessopen.com Dovedale (England)"]
[Round "4"]
[White "Richardson Keith B (ENG)"]
[Black "Hutchinson Norman (ENG)"]
[Result "1-0"]
[WhiteElo "2194"]
[BlackElo "2075"]

1.c4 Nf6 2.Nc3 e6 3.d4 Bb4 4.e3 b6 5.Ne2 Ne4 6.Qc2 f5 7.f3 Bxc3+ 8.bxc3 Nf6
9.Nf4 O-O 10.Be2 d6 11.O-O Nc6 12.Ba3 e5 13.Nd5 Nd7 14.Rae1 Na5 15.Bb4 Nc6
16.Ba3 Rf7 17.Rd1 Na5 18.c5 c6 19.Nb4 bxc5 20.dxc5 d5 21.e4 dxe4 22.fxe4 f4
23.Rd6 Qc7 24.Rfd1 Bb7 25.Na6 Bxa6 26.Bxa6 Nf6 27.Be2 Rd7 28.Qa4 Rad8 29.h3
Rxd6 30.cxd6 Qb6+ 31.Kh2 Nd7 32.Bb4 Nb7 33.Qb3+ Kh8 34.Qe6 c5 35.Ba3 Nf8
36.Qxe5 Rxd6 37.Qxf4 Rf6 38.Qg3 Qa5 39.c4 {#r} 1-0

[Event "It (open) \"]
[Site "masterchessopen.com Moscow (Russia)"]
[Date "2008.02.22"]
[Round "9"]
[White "Kacheishvili Giorgi (GEO)"]
[Black "Bosiocic Marin (CRO)"]
[Result "1-0"]
[WhiteElo "2572"]
[BlackElo "2549"]

1.d4 Nf6 2.c4 e6 3.Nc3 Bb4 4.e3 b6 5.Ne2 Bb7 6.a3 Bd6 7.d5 c6 8.g3 e5 9.Bg2 a5
10.O-O Na6 11.Rb1 Qe7 12.h3 O-O 13.g4 cxd5 14.Ng3 g6 15.cxd5 Nc7 16.f4 Rab8
17.f5 e4 18.Ngxe4 Nxe4 19.Nxe4 Nxd5 20.Nxd6 Qxd6 21.Qd4 Qc5 22.Rd1 Nf6 23.Qxf6
{#r} 1-0

[Event "Ch Romania"]
[Site "masterchessopen.com Cluj (Romania)"]
[Date "2008.02.28"]
[Round "6"]
[White "Bonte Andrei (ROM)"]
[Black "Garbea Bogdan (ROM)"]
[Result "1-0"]
[WhiteElo "2307"]
[BlackElo "2180"]

1.d4 Nf6 2.c4 e6 3.Nc3 Bb4 4.e3 b6 5.Ne2 Bb7 6.a3 Be7 7.d5 O-O 8.Nf4 Bd6 9.e4
exd5 10.exd5 c6 11.Be2 Na6 12.O-O Bxf4 13.Bxf4 cxd5 14.cxd5 d6 15.Bf3 Nc7
16.Qd4 Qd7 17.Rfd1 Rad8 18.Rac1 Qf5 19.h3 Rfe8 20.g4 Qg6 21.Kh2 Nd7 22.Be4 Qf6
23.Qd2 Qe7 24.b4 Nf6 25.Bf3 h6 26.a4 Bc8 27.Qd4 h5 28.gxh5 Qd7 29.Bg2 Nxh5
30.Be3 Qf5 31.Ne4 Nf4 32.Ng3 {#r} 1-0

[Event "It (open)"]
[Site "masterchessopen.com La Roda (Spain)"]
[Date "2008.03.20"]
[Round "2"]
[White "Picazo Lopez Juan Antonio (ESP)"]
[Black "Corrales Fidel (CUB)"]
[Result "0-1"]
[WhiteElo "2215"]
[BlackElo "2552"]

1.d4 Nf6 2.c4 e6 3.Nc3 Bb4 4.e3 b6 5.Ne2 Bb7 6.a3 Be7 7.Ng3 h5 8.f3 h4 9.Nge4
d5 10.cxd5 exd5 11.Ng5 c5 12.Nh3 O-O 13.Bd3 Nc6 14.Ne2 Bd6 15.g3 Qd7 16.Nf2
Rae8 17.Kf1 Re7 18.g4 Rfe8 19.g5 Nh5 20.Ng4 Nxd4 21.exd4 c4 22.Nf6+ gxf6
23.gxf6 cxd3 24.fxe7 dxe2+ 25.Qxe2 Rxe7 26.Qg2+ Ng3+ {#R} 0-1